000 01064nam a22003017a 4500
003 CHAP
005 20220329134304.0
008 971013s1965 r 00010 d
010 _a18194
011 _a19166
035 _a23251
040 _cCHAP
082 _a636.20892
_bB5
100 0 0 _aBlaxter, Kenneth Lyon.
_913149
245 _aEnergy metabolism ; proceedings of the 3rd. Symposium...
260 _aLondon :
_bAcademic Press,
_c1965
300 _a450 p.
_b: ilus. ; gráfs.
490 _aEuropean Association for Animal Production
_v; 11
590 _aBATCH-UPD
_b10
_c20130110
_lUCH01
_h2255
590 _aCONVERSION
_b10
_c20130109
_lUCH01
_h1311
650 1 4 _aMetabolismo en rumiantes.
_975155
830 _aEuropean Association for Animal Production
_v; 11
_938877
901 _aBK
942 _cLIBRO
949 _a636.20892 B5
_bBC
_cLIBRO
_d33724000096665
_eLIBRO
_fc.3
_h40930
_i23251
_si
949 _a636.20892 B5
_bBC
_cLIBRO
_d33724000096822
_eLIBRO
_h33203
_i23251
_si
949 _a636.20892 B5
_bBC
_cLIBRO
_d33724000096830
_eLIBRO
_fc.2
_h40929
_i23251
_si
999 _c18194
_d18194